عرض عادي
عرض مارك
- Data protection
دخول Topical Term
001 - CONTROL NUMBER
- control field: 27514
003 - CONTROL NUMBER IDENTIFIER
- control field: AE-AdECS
005 - DATE AND TIME OF LATEST TRANSACTION
- control field: 20260324074425.0
008 - FIXED-LENGTH DATA ELEMENTS
- fixed length control field: 260324|| aca||aabn | a|a d
040 ## - CATALOGING SOURCE
- Original cataloging agency: AE-AdECS
- Transcribing agency: AE-AdECS
150 ## - HEADING--TOPICAL TERM
- Topical term or geographic name entry element: Data protection
- General subdivision: Law and legislation
- Geographic subdivision: European Union countries
670 ## - SOURCE DATA FOUND
- Source citation: Work cat.: (AE-AdECS)294464: Pastor Sempere, Carmen, author. 27512, Governance and Control of Data and Digital Economy in the European Single Market :
